000 00671nam a22002057a 4500
005 20251108164017.0
008 250721s2001 xx 000 0 ara d
082 1 4 _a641.5/أصو
100 1 _aمزاهرة، أيمن
245 1 0 _aالأصول العلمية و العملية في تحضير الحلويات و المعجنات و إنتاجها /
264 1 _aعمان :
_bدار الياوزري،
_c2001.
300 _a204ص
650 1 7 _aإعداد الأغذية
650 1 7 _aالطبخ
650 1 7 _aصناعة الحلويات
700 1 _aأبو مسلم، فايز
700 1 _aعبد الهادي، عمار
942 _2ddc
_cBK
999 _c1358
_d1358